Tanzania: (Record no. 6952)

000 -LEADER
fixed length control field 00380nam a22001097a 4500
008 - FIXED-LENGTH DATA ELEMENTS--GENERAL INFORMATION
fixed length control field 200408b ||||| |||| 00| 0 eng d
245 ## - TITLE STATEMENT
Title Tanzania:
Remainder of title Country Report on the Millennium Development Goals 2010 Dar Es Salaam/
Statement of responsibility, etc. URT.-
Medium English.
260 ## - PUBLICATION, DISTRIBUTION, ETC. (IMPRINT)
Place of publication, distribution, etc. Dar Es Salaam:
Name of publisher, distributor, etc. Government Printer,
Date of publication, distribution, etc. 2011.
300 ## - PHYSICAL DESCRIPTION
Extent ix, 66p;
Other physical details ill;
Dimensions 30cm.-
650 ## - SUBJECT ADDED ENTRY--TOPICAL TERM
Source of heading or term DEVELOPMENT GOALS
942 ## - ADDED ENTRY ELEMENTS (KOHA)
Source of classification or shelving scheme
Koha item type BOOKS
Holdings
Withdrawn status Lost status Source of classification or shelving scheme Damaged status Not for loan Home library Current library Date acquired Total Checkouts Barcode Date last seen Price effective from Koha item type
          Mwanza Mwanza 08/04/2020   10000002654 08/04/2020 08/04/2020 BOOKS
          Mwanza Mwanza 08/04/2020   10000002655 08/04/2020 08/04/2020 BOOKS
          Mwanza Mwanza 08/04/2020   10000002656 08/04/2020 08/04/2020 BOOKS
          Mwanza Mwanza 08/04/2020   10000002657 08/04/2020 08/04/2020 BOOKS
          Mwanza Mwanza 08/04/2020   10000002658 08/04/2020 08/04/2020 BOOKS
          Mwanza Mwanza 08/04/2020   10000002659 08/04/2020 08/04/2020 BOOKS
          Mwanza Mwanza 08/04/2020   10000002660 08/04/2020 08/04/2020 BOOKS
          Mwanza Mwanza 08/04/2020   10000002661 08/04/2020 08/04/2020 BOOKS
          Mwanza Mwanza 08/04/2020   10000002662 08/04/2020 08/04/2020 BOOKS
          Mwanza Mwanza 08/04/2020   10000002663 08/04/2020 08/04/2020 BOOKS

IRDP © 2019 :: Managed by IRDP ICT Unit